[Event "World Blitz Women 2023"]
[Site "Samarkand UZB"]
[Date "2023.12.30"]
[Round "17.17"]
[White "Poliakova, Varvara"]
[Black "Yu, Jennifer"]
[Result "1-0"]
[WhiteElo "2049"]
[BlackElo "2197"]
[EventDate "2023.12.29"]

1. e4 g6 2. d4 Bg7 3. Nc3 d6 4. Nf3 a6 5. a4 Nf6 6. Bd3 O-O 7. Ne2 Nc6 8.
c3 e5 9. d5 Ne7 10. Ng3 c6 11. c4 Bd7 12. a5 cxd5 13. cxd5 b6 14. axb6 Qxb6
15. O-O Bb5 16. Be3 Qb7 17. Bxb5 Qxb5 18. Qd2 Rfb8 19. Rab1 Qb4 20. Bg5 Ra7
21. Qxb4 Rxb4 22. Nd2 Rc7 23. b3 Kf8 24. Nc4 Nc8 25. Rfc1 Rb8 26. f3 Nd7
27. Be3 Ke7 28. Nf1 Nc5 29. Nfd2 Kd7 30. Na5 Ne7 31. Kf1 Rb5 32. Nac4 Rcb7
33. Bxc5 dxc5 34. Ke2 Nc8 35. Kd3 f5 36. Na3 Rb4 37. Rxc5 Bf8 38. Rc4 R4b6
39. Nc2 Nd6 40. Ra4 Nb5 41. Nc4 Rf6 42. Nxe5+ Kd6 43. Nc4+ Kd7 44. e5 1-0

[Event "World Blitz Women 2023"]
[Site "Samarkand UZB"]
[Date "2023.12.30"]
[Round "17.18"]
[White "Getman, Tatyana"]
[Black "Soumya, Swaminathan"]
[Result "1-0"]
[WhiteElo "2014"]
[BlackElo "2154"]
[EventDate "2023.12.29"]

1. d4 Nf6 2. c4 g6 3. Nc3 Bg7 4. e4 d6 5. Nf3 O-O 6. Bd3 Nc6 7. d5 Ne5 8.
Nxe5 dxe5 9. O-O e6 10. Be2 a5 11. Be3 exd5 12. cxd5 Ne8 13. Nb5 Bd7 14.
Bc5 Bxb5 15. Bxb5 Nd6 16. Bxd6 Qxd6 17. Rc1 f5 18. Qc2 Rf7 19. Bd3 fxe4 20.
Bxe4 Bh6 21. Rcd1 a4 22. Qd3 Ra6 23. Rde1 Rb6 24. Re2 Kh8 25. Rc2 Rb4 26.
Kh1 Rd4 27. Qe2 Qb4 28. f3 Qb6 29. Rd1 Rxd1+ 30. Qxd1 Kg8 31. d6 Rd7 32.
Qd5+ Kg7 33. Qxe5+ Kf8 34. Qh8+ Kf7 35. Qxh7+ Bg7 36. Qxg6+ Kf8 37. Qf5+
Ke8 38. Qe6+ 1-0

[Event "World Blitz Women 2023"]
[Site "Samarkand UZB"]
[Date "2023.12.30"]
[Round "17.19"]
[White "Shohradova, Leyla"]
[Black "Beydullayeva, Govhar"]
[Result "0-1"]
[WhiteElo "1882"]
[BlackElo "2132"]
[EventDate "2023.12.29"]

1. d4 Nf6 2. c4 e6 3. Nf3 d5 4. g3 Bb4+ 5. Bd2 Be7 6. Bg2 c6 7. Qc2 Nbd7 8.
O-O b6 9. Nc3 dxc4 10. Ne5 Nxe5 11. dxe5 Nd5 12. Qe4 b5 13. Qg4 Kf8 14.
Rfd1 h5 15. Qf3 Qc7 16. a4 b4 17. Ne4 Qxe5 18. Bf4 Nxf4 19. gxf4 Qa5 20.
Nd6 Bxd6 21. Rxd6 g6 22. Qxc6 Rb8 23. Qxc4 Kg7 24. Rad1 Bb7 25. Qd4+ Kh7
26. Rd7 Qf5 27. Rxb7 Rxb7 28. Bxb7 Qg4+ 29. Bg2 Qxe2 30. Qd3 Qxb2 31. Rb1
Qa2 32. Rxb4 Rc8 33. Rb7 Qa1+ 34. Bf1 Kg7 35. Qd7 Rf8 36. Rb4 Qe1 37. Qd4+
Kg8 38. Qe4 Qd1 39. Rd4 Qg4+ 40. Qg2 Qf5 41. Bd3 Qf6 42. Rd7 Qa1+ 43. Bf1
Qxa4 44. Rb7 a5 45. Rc7 Qxf4 46. Rc3 a4 47. Qg3 Qd4 48. Qe3 Qf6 49. Ra3 Ra8
50. Bg2 Rb8 51. Rxa4 Rb1+ 52. Bf1 Kg7 53. Re4 Qf5 54. Qd4+ Kh7 55. Re3 Qb5
56. Qd3 Qg5+ 57. Rg3 Qc1 58. Rf3 Qe1 59. Rxf7+ Kh6 60. Qe3+ Qxe3 61. fxe3
Kg5 62. Kg2 Rb2+ 63. Kg3 h4+ 64. Kh3 e5 65. Bc4 Rc2 66. Bd5 Rc3 67. Rf3 Rd3
68. Be4 Ra3 69. Rf1 Rxe3+ 70. Kg2 Rxe4 71. Rb1 Re2+ 72. Kh3 Re3+ 73. Kg2
h3+ 74. Kf2 Ra3 75. Rg1+ Kf5 76. Re1 g5 77. Rc1 g4 78. Rc5 Ra2+ 79. Kg3
Rg2+ 0-1

[Event "World Blitz Women 2023"]
[Site "Samarkand UZB"]
[Date "2023.12.30"]
[Round "17.20"]
[White "Zhao, Shengxin"]
[Black "Shohradova, Lala"]
[Result "1-0"]
[WhiteElo "2079"]
[BlackElo "1983"]
[EventDate "2023.12.29"]

1. d4 Nf6 2. c4 e6 3. Nf3 d5 4. g3 c6 5. Bg2 Bd6 6. O-O O-O 7. Nc3 Nbd7 8.
Nd2 Bc7 9. e4 dxe4 10. Ndxe4 h6 11. b4 a5 12. b5 Nxe4 13. Nxe4 cxb5 14.
cxb5 Nb6 15. Nc3 Qf6 16. Qd3 Rd8 17. Rd1 e5 18. d5 Bf5 19. Be4 Bxe4 20.
Nxe4 Qg6 21. d6 f5 22. Qb3+ Qf7 23. dxc7 Rxd1+ 24. Qxd1 fxe4 25. Qd8+ Kh7
26. Qxa8 Nxa8 27. c8=Q Nb6 28. Qc5 Nd5 29. Be3 Nb4 30. a3 Nd3 31. Qc3 Qd5
32. Rd1 Qxb5 33. f3 Qa4 34. Rxd3 exd3 35. Qxd3+ Kg8 36. Qd5+ Kh7 37. Qxe5
Qd1+ 38. Kg2 Qe2+ 39. Kh3 Qf1+ 40. Kg4 Qc4+ 41. Qe4+ 1-0

[Event "World Blitz Women 2023"]
[Site "Samarkand UZB"]
[Date "2023.12.30"]
[Round "17.21"]
[White "Tokhirjonova, Gulrukhbegim"]
[Black "Allahverdiyeva, Ayan"]
[Result "0-1"]
[WhiteElo "2265"]
[BlackElo "1852"]
[EventDate "2023.12.29"]

1. e4 c5 2. Nc3 d6 3. Bc4 Nc6 4. Nf3 e6 5. d4 cxd4 6. Nxd4 a6 7. O-O Nf6 8.
a4 Be7 9. Be3 O-O 10. f4 d5 11. e5 dxc4 12. exf6 Bxf6 13. Nxc6 bxc6 14. Qe2
a5 15. Rfd1 Qc7 16. Qxc4 Rb8 17. Rab1 Rb4 18. Qa2 Ba6 19. Bc5 Qxf4 20. Bxf8
Kxf8 21. Qa3 Be5 22. g3 Qe3+ 23. Kg2 c5 24. Rd7 Bxc3 25. Rbd1 Qe2+ 26. Kh3
Bd4 27. R1xd4 cxd4 28. c3 Qf1+ 29. Kh4 dxc3+ 30. g4 Qf2+ 31. Kh3 Qf3+ 0-1

[Event "World Blitz Women 2023"]
[Site "Samarkand UZB"]
[Date "2023.12.30"]
[Round "17.22"]
[White "Yakimova, Mariya"]
[Black "Yakubbaeva, Nilufar"]
[Result "1-0"]
[WhiteElo "2098"]
[BlackElo "2237"]
[EventDate "2023.12.29"]

1. d4 Nf6 2. c4 e6 3. g3 d5 4. Bg2 Be7 5. Nf3 O-O 6. O-O c6 7. Qc2 Nbd7 8.
Nbd2 Bd6 9. e4 dxe4 10. Nxe4 Nxe4 11. Qxe4 Nf6 12. Qe2 h6 13. c5 Bc7 14. b4
Nd5 15. a3 a5 16. Bd2 Qf6 17. Ne5 Rd8 18. f4 Bd7 19. Kh1 Be8 20. Be4 axb4
21. axb4 Qe7 22. Bc2 f5 23. Nf3 Bf7 24. b5 cxb5 25. Qxb5 b6 26. Bb3 bxc5
27. Rxa8 Rxa8 28. dxc5 Rb8 29. Qc4 Be8 30. Nd4 Qd7 31. Re1 Bf7 32. c6 Qd6
33. Nb5 Qd8 34. Qd3 Rb6 35. Bxd5 exd5 36. Nd4 g6 37. Bc3 Qb8 38. Ba1 Bd6
39. Rc1 Be8 40. Qc3 Bb4 41. Qb3 Bd6 42. Qc3 Bf7 43. Nxf5 Kh7 44. Qg7# 1-0

[Event "World Blitz Women 2023"]
[Site "Samarkand UZB"]
[Date "2023.12.30"]
[Round "17.23"]
[White "Druzhinina, Olga"]
[Black "Nadirjanova, Nodira"]
[Result "0-1"]
[WhiteElo "2055"]
[BlackElo "2164"]
[EventDate "2023.12.29"]

1. e4 e6 2. d4 d5 3. Nd2 c5 4. exd5 Qxd5 5. Ngf3 cxd4 6. Bc4 Qd6 7. O-O Nc6
8. Nb3 e5 9. Re1 Be7 10. h3 Nf6 11. Bb5 Nd7 12. Bg5 f6 13. Bh4 O-O 14. Qd2
Nb6 15. a4 Be6 16. Bg3 Bxb3 17. cxb3 a6 18. Bd3 Nb4 19. Bb1 a5 20. Nxd4
Rad8 21. Re4 Nc6 22. Qc2 Nxd4 23. Rxd4 Qxd4 24. Qxh7+ Kf7 25. Bg6+ Ke6 26.
Bf5+ Kd6 27. Qxg7 Rg8 28. Qf7 Qd5 29. Qh7 Rd7 30. Bxd7 Kxd7 31. Qh5 Kc7 32.
Rd1 Qe6 33. Qf3 Kb8 34. Qe3 Bb4 35. Rc1 Rc8 36. Rd1 Bc5 37. Qe4 Rg8 38. Kf1
Qxb3 39. Re1 Qe6 40. Kg1 Rxg3 41. Rc1 Qd6 42. Qh7 Rd3 43. Rxc5 Rd1+ 44. Kh2
e4+ 0-1

[Event "World Blitz Women 2023"]
[Site "Samarkand UZB"]
[Date "2023.12.30"]
[Round "17.24"]
[White "Abdulla, Khayala"]
[Black "Karimova, Guldona"]
[Result "1/2-1/2"]
[WhiteElo "2118"]
[BlackElo "1547"]
[EventDate "2023.12.29"]

1. e4 c5 2. Nf3 e6 3. d4 cxd4 4. Nxd4 Nf6 5. Nc3 d6 6. Bd3 Nc6 7. Be3 Be7
8. O-O O-O 9. f4 a6 10. Kh1 Qc7 11. Qf3 e5 12. fxe5 dxe5 13. Nf5 Bxf5 14.
Qxf5 Nb4 15. Bg5 Nxd3 16. cxd3 Qd6 17. Rf3 h6 18. Bh4 Rad8 19. Raf1 Nh7 20.
Bg3 f6 21. Nd5 Qd7 22. Qg6 Qe8 23. Qg4 Qd7 24. Rf5 Ng5 25. h4 Ne6 26. Qg6
Nd4 27. Rh5 Qe8 28. Qg4 Qd7 29. Nxe7+ Qxe7 30. Rxh6 Qd7 31. Rg6 Qxg4 32.
Rxg4 Ne2 33. Rf2 Nxg3+ 34. Rxg3 Kf7 35. Rgf3 Ke6 36. Rc2 Rc8 37. Rff2 Rh8
38. g3 Rhd8 39. Rxc8 Rxc8 40. Kg2 Rc1 41. Kf3 Rd1 42. Ke3 Rg1 43. Kf3 Rd1
44. Ke3 Ra1 45. b3 Rg1 46. Kf3 Rd1 47. Ke2 Rg1 48. Kf3 Rd1 49. Ke3 Rg1 50.
Rf3 Rg2 51. a4 Rb2 52. g4 Rxb3 53. g5 fxg5 54. hxg5 Rc3 55. g6 Rc7 56. Rf8
Rd7 57. Rb8 Kf6 58. Re8 Rc7 59. Kd2 b5 60. axb5 axb5 61. Rb8 Rc5 62. Rb6+
Kg5 63. Ke3 Kh6 64. d4 exd4+ 65. Kxd4 Rg5 66. e5 Rxg6 67. Rxb5 Rg1 68. e6
Rd1+ 69. Ke5 Re1+ 70. Kd6 Kg6 71. Ke7 Re2 72. Rb1 Kf5 73. Rf1+ Ke5 74. Kf7
g5 75. e7 Kd6 1/2-1/2

[Event "World Blitz Women 2023"]
[Site "Samarkand UZB"]
[Date "2023.12.30"]
[Round "17.25"]
[White "Franco Valencia, Angela"]
[Black "Bobomurodova, Maftuna"]
[Result "0-1"]
[WhiteElo "2048"]
[BlackElo "1814"]
[EventDate "2023.12.29"]

1. e4 e5 2. Nf3 Nc6 3. Bc4 Bc5 4. c3 Nf6 5. d3 d6 6. a4 a5 7. Nbd2 O-O 8.
Bb3 Ne7 9. O-O Ng6 10. d4 Ba7 11. Re1 h6 12. Nf1 Bg4 13. h3 Bxf3 14. gxf3
Nh5 15. Ng3 Nhf4 16. Bc4 Nxh3+ 17. Kf1 Nhf4 18. Nf5 Qg5 19. Re3 Qg2+ 20.
Ke1 Qg1+ 21. Kd2 Qxf2+ 22. Be2 exd4 23. cxd4 c5 24. Qf1 Qh2 25. d5 c4 26.
Rc3 Ne5 27. Raa3 Bc5 28. Re3 Ned3 29. Raxd3 cxd3 30. Rxd3 Bb4+ 31. Kd1 Nxd3
32. Bxd3 Rac8 33. Ne7+ Kh8 34. Nxc8 Rxc8 35. Bc4 Qe5 36. Qd3 Bc5 37. b3 Qd4
38. Ke2 Qxd3+ 39. Kxd3 h5 40. Bg5 f6 41. Bf4 g5 42. Bh2 Kg7 43. Ke2 Re8 44.
Bb5 Re7 45. Kd3 g4 46. fxg4 hxg4 47. Bf4 Kg6 48. Bc4 Kh5 49. Bg3 Ba3 50.
Ke3 Bc5+ 51. Kd3 Kg5 52. Bb5 Rh7 53. Be1 Rh3+ 54. Ke2 g3 55. Bd2+ Kg6 56.
Kf3 Rh2 57. Bf4 Rb2 58. Kxg3 Rxb3+ 59. Kg4 Rb4 60. Kf3 Rb3+ 61. Kg4 Ra3 62.
Bd7 Kf7 63. Bb5 Ke7 64. Kf5 Bd4 65. Kg4 Be5 66. Bxe5 fxe5 67. Kf5 Rf3+ 68.
Kg5 Rf2 69. Kg6 Kd8 70. Kg7 Kc7 71. Kg6 Kb6 72. Kg5 Kc5 73. Bd7 Kd4 74. Bf5
Ra2 75. Kf6 Rxa4 76. Ke6 Kc5 0-1

[Event "World Blitz Women 2023"]
[Site "Samarkand UZB"]
[Date "2023.12.30"]
[Round "17.26"]
[White "Kazarian, Anna-Maja"]
[Black "Guichard, Pauline"]
[Result "1-0"]
[WhiteElo "2023"]
[BlackElo "2281"]
[EventDate "2023.12.29"]

1. e4 e5 2. Nf3 Nc6 3. Bb5 g6 4. O-O Bg7 5. c3 a6 6. Ba4 Nge7 7. Re1 O-O 8.
d3 h6 9. Nbd2 d6 10. Nf1 Be6 11. h3 f5 12. Bb3 Qd7 13. exf5 gxf5 14. Ng3
Kh8 15. Nh5 Rg8 16. Nh4 d5 17. d4 e4 18. Nxg7 Kxg7 19. Qh5 Rh8 20. Re3 Bf7
21. Rg3+ Kf8 22. Bxh6+ Ke8 23. Qg5 Qe6 24. Bg7 Rg8 25. Qf4 Kd7 26. Rd1 Bg6
27. Bh6 Bh5 28. Rd2 Rxg3 29. fxg3 Rg8 30. Qe3 Na5 31. Bf4 Nxb3 32. axb3 Qb6
33. b4 Qb5 34. Be5 Qa4 35. Kh2 Qa1 36. Qf4 Rc8 37. Nxf5 Qe1 38. Nxe7 Kxe7
39. Qf6+ Kd7 40. Qf5+ Kc6 41. Qe6+ Kb5 42. Qxd5+ Kb6 43. Qc5# 1-0

[Event "World Blitz Women 2023"]
[Site "Samarkand UZB"]
[Date "2023.12.30"]
[Round "17.27"]
[White "Savitha, Shri B"]
[Black "Kaliakhmet, Elnaz"]
[Result "1-0"]
[WhiteElo "2183"]
[BlackElo "1839"]
[EventDate "2023.12.29"]

1. e4 c5 2. Nf3 Nc6 3. d4 cxd4 4. Nxd4 Nf6 5. Nc3 d6 6. Bc4 e6 7. Be3 Be7
8. Qe2 a6 9. O-O-O Qc7 10. Bb3 b5 11. f3 Ne5 12. g4 Nc4 13. Ncxb5 axb5 14.
Nxb5 Qa5 15. Qxc4 O-O 16. Nxd6 Rd8 17. Nxc8 Rdxc8 18. Qd4 Rab8 19. Kb1 Bc5
20. Qd2 Bb4 21. Qe2 Ra8 22. Bd2 Rcb8 23. Bxb4 Rxb4 24. a3 Rbb8 25. Qd2 Qb5
26. Qd3 Qa5 27. h4 Rd8 28. Qc3 Qb6 29. g5 Rdc8 30. Qd4 Qxd4 31. Rxd4 Nh5
32. e5 Ng3 33. Re1 Nf5 34. Rb4 Rc5 35. a4 g6 36. Rb5 Rxb5 37. axb5 Nxh4 38.
Re3 Nf5 39. Rd3 Rb8 40. c4 Ne7 41. Ba4 Rc8 42. b6 Rb8 43. c5 Nf5 44. Rd7
Nh4 45. c6 Nxf3 46. c7 Rxb6 47. c8=Q+ Kg7 48. Rd8 h5 49. Rg8+ Kh7 50. Rh8+
1-0

[Event "World Blitz Women 2023"]
[Site "Samarkand UZB"]
[Date "2023.12.30"]
[Round "17.28"]
[White "Hamrakulova, Yulduz"]
[Black "Kairbekova, Amina"]
[Result "0-1"]
[WhiteElo "1908"]
[BlackElo "2131"]
[EventDate "2023.12.29"]

1. d4 Nf6 2. c4 g6 3. Nf3 Bg7 4. g3 O-O 5. Bg2 d6 6. O-O Nbd7 7. Nc3 e5 8.
h3 Re8 9. e4 exd4 10. Nxd4 Nc5 11. Re1 h6 12. b3 a5 13. Bb2 a4 14. b4 a3
15. Bc1 Ne6 16. Be3 Ng5 17. Bxg5 hxg5 18. Rc1 Nd7 19. Kh2 Ne5 20. Nce2 g4
21. hxg4 Nxg4+ 22. Kg1 Qg5 23. Qd3 Qh5 24. Nf4 Qh8 25. Nf3 Be6 26. Nxe6
Rxe6 27. c5 Rae8 28. c6 b6 29. b5 Bb2 30. Rc2 Qh5 31. Rce2 Kg7 32. Nd2 Rh8
33. Nf3 Rhe8 34. Nd2 Qh2+ 35. Kf1 Qh8 36. Kg1 Kg8 37. Nf1 Bd4 38. Bf3 Ne5
39. Qb3 g5 40. Bg2 Rf6 41. Ne3 0-1

[Event "World Blitz Women 2023"]
[Site "Samarkand UZB"]
[Date "2023.12.30"]
[Round "17.29"]
[White "Zaksaite, Salomeja"]
[Black "Altynbek, Aiaru"]
[Result "1-0"]
[WhiteElo "2065"]
[BlackElo "1641"]
[EventDate "2023.12.29"]

1. e4 c6 2. d4 d5 3. exd5 cxd5 4. Bd3 Nc6 5. c3 Nf6 6. h3 g6 7. Bf4 Bf5 8.
Be2 Bg7 9. Nf3 O-O 10. O-O Nd7 11. Nbd2 e5 12. dxe5 Ndxe5 13. Nxe5 Nxe5 14.
Nf3 Nc4 15. Qb3 Qc8 16. Nd4 Be4 17. Rfe1 Ne5 18. f3 Nd3 19. Bxd3 Bxd3 20.
Qxd5 Rd8 21. Qb3 Bc4 22. Qd1 Qc5 23. Be3 Qc7 24. Qa4 Re8 25. Bf2 Rxe1+ 26.
Rxe1 Bd5 27. Re8+ Rxe8 28. Qxe8+ Bf8 29. a3 Qe7 30. Qxe7 Bxe7 31. Kf1 Bc4+
32. Ke1 Kf8 33. Kd2 Bg5+ 34. Be3 Be7 35. b3 Bd5 36. c4 Be6 37. Nxe6+ fxe6
38. Bxa7 Bxa3 39. Kc3 Be7 40. Kd4 Ke8 41. Ke5 Kd7 42. g4 Bh4 43. Be3 Be7
44. Bd2 Bh4 45. b4 Ke7 46. b5 Bg3+ 47. Ke4 Bf2 48. Bb4+ Kd7 49. Ke5 Bh4 50.
Bf8 Ke8 51. Ba3 Kd7 52. c5 Be7 53. c6+ bxc6 54. bxc6+ Kd8 55. c7+ Kxc7 56.
Bxe7 1-0

[Event "World Blitz Women 2023"]
[Site "Samarkand UZB"]
[Date "2023.12.30"]
[Round "17.30"]
[White "Zhunusbekova, Aimonchok"]
[Black "Malikova, Marjona"]
[Result "0-1"]
[WhiteElo "1448"]
[BlackElo "1730"]
[EventDate "2023.12.29"]

1. e4 c6 2. Nf3 d5 3. Nc3 Bg4 4. h3 Bxf3 5. Qxf3 Nf6 6. e5 Nfd7 7. d4 e6 8.
Bf4 c5 9. dxc5 Bxc5 10. Bd3 Nc6 11. Qg3 g6 12. Bh6 Ndxe5 13. O-O Nxd3 14.
cxd3 Bd6 15. Qg4 Qd7 16. a3 O-O-O 17. b4 f5 18. Qe2 Nd4 19. Qb2 Be5 20. b5
Kb8 21. Rfe1 Bf6 22. Bf4+ Ka8 23. a4 Rc8 24. Rac1 g5 25. Bd2 f4 26. b6 a6
27. Nb5 Nf3+ 0-1

[Event "World Blitz Women 2023"]
[Site "Samarkand UZB"]
[Date "2023.12.30"]
[Round "17.31"]
[White "Kurmangaliyeva, Liya"]
[Black "Strutinskaia, Galina"]
[Result "1-0"]
[WhiteElo "2077"]
[BlackElo "2174"]
[EventDate "2023.12.29"]

1. d4 e6 2. e4 d5 3. e5 c5 4. c3 Bd7 5. Nf3 Nc6 6. Be2 Rc8 7. O-O Nh6 8.
Bxh6 gxh6 9. dxc5 Bxc5 10. Qd2 Bf8 11. Qf4 Bg7 12. Re1 O-O 13. Bd3 f6 14.
exf6 Rxf6 15. Qg3 Qf8 16. Nbd2 Be8 17. Re2 Bg6 18. Bxg6 hxg6 19. Rae1 Re8
20. Nb3 Qf7 21. Nc5 b6 22. Nd3 Rf5 23. Qd6 Nd8 24. Nde5 Qf6 25. Qd7 Qe7 26.
Qb5 Kh7 27. g3 Ref8 28. Kg2 Qb7 29. Qd3 h5 30. Kg1 Bf6 31. Nd4 Rg5 32. f4
Bxe5 33. fxg5 Bxd4+ 34. Qxd4 Rf5 35. h4 Qc7 36. Kg2 Qd6 37. Rf2 e5 38. Qd2
Rxf2+ 39. Qxf2 Kg7 40. Rf1 e4 41. Qd4+ Kh7 42. Rf6 Qd7 43. Qe5 Nc6 44. Qf4
Nd8 45. Rd6 Qe7 46. Rxd5 e3 47. Re5 Qb7+ 48. Kg1 Qd7 49. Rxe3 Ne6 50. Qe5
Ng7 51. Re2 Qd3 52. Kh2 Qb1 53. Rf2 Nf5 54. Qc7+ Kg8 55. Qf4 Qd3 56. Qf3
Qd7 1-0

[Event "World Blitz Women 2023"]
[Site "Samarkand UZB"]
[Date "2023.12.30"]
[Round "17.32"]
[White "Aktamova, Zilola"]
[Black "Khamrakulova, Iroda"]
[Result "1-0"]
[WhiteElo "1671"]
[BlackElo "2132"]
[EventDate "2023.12.29"]

1. e4 c6 2. d4 d5 3. Nc3 dxe4 4. Nxe4 Bf5 5. Ng3 Bg6 6. Nh3 h6 7. Nf4 Bh7
8. c3 Nf6 9. Bd3 Bxd3 10. Qxd3 e6 11. Be3 Nd5 12. Nxd5 Qxd5 13. O-O Be7 14.
Rfd1 O-O 15. c4 Qa5 16. Bd2 Qc7 17. Bc3 Nd7 18. d5 cxd5 19. cxd5 exd5 20.
Qxd5 Nf6 21. Qf3 Rad8 22. Nf5 b6 23. Nxh6+ Kh7 24. Nf5 Rxd1+ 25. Rxd1 Kg8
26. Qg3 Qxg3 27. Nxe7+ Kh7 28. fxg3 Ne4 29. Nf5 f6 30. Re1 Nc5 31. Bb4 Kg6
32. Bxc5 bxc5 33. Ne7+ Kf7 34. Nd5 a5 35. Nc3 Rb8 36. Na4 Rb4 37. b3 c4 38.
Rb1 cxb3 39. axb3 Ke6 40. Rc1 Kf5 41. Nc5 Kg6 42. Rd1 Rb5 43. Rd5 Kf7 44.
Kf2 g5 45. Ke3 Kg6 46. Kd4 Rb8 47. Kc4 Rb4+ 48. Kc3 Rb8 49. Nd3 Rc8+ 50.
Rc5 Ra8 51. Nb2 Kf7 52. Nc4 a4 53. Nb6 Ra6 54. Nxa4 Ke6 55. Rxg5 Ra8 1-0

[Event "World Blitz Women 2023"]
[Site "Samarkand UZB"]
[Date "2023.12.30"]
[Round "17.33"]
[White "Tohirjonova, Hulkar"]
[Black "Khamrakulova, Shakhnoza"]
[Result "1-0"]
[WhiteElo "2144"]
[BlackElo "2086"]
[EventDate "2023.12.29"]

1. e4 c5 2. Nf3 Nc6 3. d4 cxd4 4. Nxd4 Nxd4 5. Qxd4 d6 6. Nc3 Nf6 7. Bg5 a6
8. Be2 e5 9. Qd2 Be7 10. O-O O-O 11. Rad1 Ne8 12. Bxe7 Qxe7 13. Nd5 Qh4 14.
Bf3 f5 15. exf5 Bxf5 16. g3 Qd8 17. Bg2 Rc8 18. c3 b5 19. a3 Rb8 20. Qe3
Qd7 21. Rfe1 Bh3 22. Bh1 Bg4 23. Rd2 Nf6 24. Qd3 Be6 25. Nxf6+ Rxf6 26. Qe4
Qc7 27. Qc6 Qxc6 28. Bxc6 Bc4 29. Red1 Rd8 30. Bd5+ Bxd5 31. Rxd5 Kf7 32.
Kf1 Ke7 33. Kg2 Rdf8 34. R1d2 h5 35. h4 Kd7 36. Rxe5 Rxf2+ 37. Rxf2 Rxf2+
38. Kxf2 dxe5 39. Ke3 Kd6 40. Ke4 g6 41. b3 Ke6 42. c4 Kd6 43. cxb5 axb5
44. a4 b4 45. a5 Kc6 46. Kxe5 Kb5 47. Kf6 Kxa5 48. Kxg6 Kb5 49. Kxh5 Kc5
50. Kg5 Kd4 51. h5 Kc3 52. h6 Kxb3 53. h7 Ka3 54. h8=Q b3 55. g4 b2 56.
Qxb2+ 1-0

[Event "World Blitz Women 2023"]
[Site "Samarkand UZB"]
[Date "2023.12.30"]
[Round "17.34"]
[White "Kurbonboeva, Sarvinoz"]
[Black "Naisanga, Sheba Valentine"]
[Result "1-0"]
[WhiteElo "2054"]
[BlackElo "1358"]
[EventDate "2023.12.29"]

1. d4 d5 2. Nf3 Nf6 3. g3 e6 4. Bg2 Bb4+ 5. c3 Be7 6. c4 c5 7. O-O b6 8.
Nc3 Bb7 9. cxd5 Nxd5 10. dxc5 Nxc3 11. Qxd8+ Bxd8 12. bxc3 bxc5 13. Rb1 Bc6
14. Be3 Bb6 15. Ne5 Bxg2 16. Kxg2 Nd7 17. Nc4 Bd8 18. Rfd1 Be7 19. Rb7 Rd8
20. Rxa7 Nf6 21. Rxd8+ Bxd8 22. Nd6+ Kf8 23. Bxc5 Ne4 24. Nxe4+ Ke8 25.
Nd6+ Kf8 26. Nxf7+ Kg8 27. Nxh8 Kxh8 28. Ra8 Kg8 29. Rxd8+ Kf7 30. Rf8+ Kg6
31. a4 h6 32. a5 e5 33. a6 e4 34. a7 1-0